30 titres de chansons en T - Statistiques

Statistiques générales
  • Ce quiz a été pris 37 fois
  • Le résultat moyen est 11 sur 30
Statistiques - réponses
Hint Réponse % Correct
Grégoire Toi + moi
79%
Michaël Jackson Thriller
76%
M Pokora Tombé
71%
Annie Cordy Tata yoyo
62%
Zebda Tomber la chemise
59%
Stromae Tous les mêmes
59%
Larusso Tu m'oublieras
59%
Indila Tourner dans le vide
56%
Lady gaga et Beyoncé Téléphone
53%
Angèle et Roméo Elvis Tout oublier
50%
Lara Fabian et Maurane Tu es mon autre
47%
Sean Paul Temperature
44%
Jul Tchikita
41%
Mozart l'opéra rock Tatoue-moi
38%
Sinsemelia Tout le bonheur du monde
38%
Vanessa Paradis Tandem
35%
Louise Attaque Ton invitation
35%
Natalie Imbruglia Torn
32%
Claude François Le téléphone pleure
29%
Aretha Franklin Think
18%
Lomepal Trop beau
18%
Maroon 5 This love
15%
Pascal Obispo Tomber pour elle
15%
Jean-Jacques Goldman Tournent les violons
15%
Orelsan Tout va bien
9%
David Hallyday Tu ne m'à pas laisser le temps
9%
Indochine Tes yeux noirs
6%
Sacha Distel Toute la pluie tombe sur moi
6%
Daniel Balavoine Tous les cris des SOS
0%
Grégory Lemarchal Tu prends
0%
Aucun quiz correspondant
Distribution des résultats
% des personnes avec chaque résultat
Percentile par nombre de réponses
Votre historique - résultats
Vous n’avez pas pris ce quiz